Catálogo público

Guía para la identificación de cactáceas amenazadas de México (Record no. 76549)

MARC details
000 -CABECERA
campo de control de longitud fija 01351cam a22003617a 4500
003 - IDENTIFICADOR DEL NÚMERO DE CONTROL
campo de control CHAP
005 - FECHA Y HORA DE LA ÚLTIMA TRANSACCIÓN
campo de control 20220329141956.0
008 - DATOS DE LONGITUD FIJA--INFORMACIÓN GENERAL
campo de control de longitud fija 981030d1998 mx a r 00110 spa d
010 ## - NÚMERO DE CONTROL DE LA BIBLIOTECA DEL CONGRESO
Número de control de LC 76549
011 ## - ENLACE DEL NUMERO DE CONTROL DE LA BIBLIOTECA DEL CONGRESO [OBSOLETO]
Número de control de LC 77521
020 ## - NÚMERO INTERNACIONAL ESTÁNDAR DEL LIBRO
Número Internacional Estándar del Libro 9709000004
035 ## - NÚMERO DE CONTROL DEL SISTEMA
Número de control de sistema 87129
040 ## - FUENTE DE LA CATALOGACIÓN
Centro/agencia transcriptor CHAP
082 04 - NÚMERO DE LA CLASIFICACIÓN DECIMAL DEWEY
Número de clasificación 583.47
Número de documento/Ítem G52
100 00 - ENTRADA PRINCIPAL--NOMBRE DE PERSONA
Nombre de persona Glass, Charles E.
9 (RLIN) 48254
245 10 - MENCIÓN DE TÍTULO
Título Guía para la identificación de cactáceas amenazadas de México
Mención de responsabilidad, etc. /por Charles E. Glass
260 ## - PUBLICACIÓN, DISTRIBUCIÓN, ETC.
Lugar de publicación, distribución, etc. México, D.F. :
Nombre del editor, distribuidor, etc. Fideicomiso Fondo para la Biodiversidad,
Fecha de publicación, distribución, etc. 1998.
300 ## - DESCRIPCIÓN FÍSICA
Extensión v. :
Otras características físicas ilus.
500 ## - NOTA GENERAL
Nota general La biblioteca tiene : v.1
500 ## - NOTA GENERAL
Nota general Publicación bilingue
590 ## - NOTA LOCAL (RLIN)
Nota local BATCH-UPD
Procedencia (VM) [OBSOLETO] 10
Condición del los carretes individuales (VM) [OBSOLETO] 20130110
-- UCH01
-- 2320
590 ## - NOTA LOCAL (RLIN)
Nota local BATCH-UPD
Procedencia (VM) [OBSOLETO] 10
Condición del los carretes individuales (VM) [OBSOLETO] 20130410
-- UCH01
-- 1611
590 ## - NOTA LOCAL (RLIN)
Nota local BATCH-UPD
Procedencia (VM) [OBSOLETO] 10
Condición del los carretes individuales (VM) [OBSOLETO] 20130914
-- UCH01
-- 0805
590 ## - NOTA LOCAL (RLIN)
Nota local CONVERSION
Procedencia (VM) [OBSOLETO] 10
Condición del los carretes individuales (VM) [OBSOLETO] 20130109
-- UCH01
-- 1342
650 14 - PUNTO DE ACCESO ADICIONAL DE MATERIA--TÉRMINO DE MATERIA
Término de materia o nombre geográfico como elemento de entrada Cactáceas
Subdivisión general México.
9 (RLIN) 17009
901 ## - ELEMENTOS DE DATOS A LOCAL LDA (RLIN)
a BK
905 ## - ELEMENTOS DE DATOS E LOCAL, LDE (RLIN)
a Alejandra Carrasco M.
942 ## - ELEMENTOS DE PUNTO DE ACCESO ADICIONAL (KOHA)
Tipo de ítem Koha Libro
949 ## - PROCESAMIENTO DE INFORMACIÓN LOCAL (OCLC)
a 583.47 G52
b BC
c ESP
d 33724000708665
e ESP
f v.1 c.4
h 94493
i 87129
s b
t $480.00
949 ## - PROCESAMIENTO DE INFORMACIÓN LOCAL (OCLC)
a 583.47 G52
b BC
c ESP
d 33724000708756
e ESP
f v.1 c.3
h 94492
i 87129
s b
t $480.00
949 ## - PROCESAMIENTO DE INFORMACIÓN LOCAL (OCLC)
a 583.47 G52
b BC
c ESP
d 33724000708764
e ESP
f v.1 c.2
g I.193819
h 94491
i 87129
s b
t $480.00
949 ## - PROCESAMIENTO DE INFORMACIÓN LOCAL (OCLC)
a 583.47 G52
b BC
c ESP
d 33724000708772
e ESP
f v.1
g I.193820
h 94490
i 87129
s b
t $480.00
Holdings
Estado de retiro Estado de pérdida Fuente del sistema de clasificación o colocación Estado dañado Restricciones de uso No para préstamo Código de colección Localización permanente Ubicación/localización actual Ubicación en estantería Fecha de adquisición Fuente de adquisición Total de préstamos Signatura topográfica completa Código de barras Fecha visto por última vez Número de copia Precio válido a partir de Tipo de ítem Koha
    Dewey Decimal Classification   Préstamo interno   Especial Biblioteca Central Biblioteca Central Planta alta - Área de Tesis - Especial 31/12/2019 I.193819   583.47 G52 33724000708665 31/12/2019 v.1 c.4 31/12/2019 Libro
    Dewey Decimal Classification   Préstamo interno   Especial Biblioteca Central Biblioteca Central Planta alta - Área de Tesis - Especial 31/12/2019 I.193820   583.47 G52 33724000708756 31/12/2019 v.1 c.3 31/12/2019 Libro
    Dewey Decimal Classification   Préstamo interno   Especial Biblioteca Central Biblioteca Central Planta alta - Área de Tesis - Especial 31/12/2019     583.47 G52 33724000708764 31/12/2019 v.1 c.2 31/12/2019 Libro
    Dewey Decimal Classification   Préstamo interno   Especial Biblioteca Central Biblioteca Central Planta alta - Área de Tesis - Especial 31/12/2019     583.47 G52 33724000708772 31/12/2019 v.1 31/12/2019 Libro